• 首页
  • 本馆介绍
  • 公告通知
  • 最新文献
  • 馆藏检索
  • 电子资源
  • 读者导购
  • 参考咨询
  • 我的图书馆
  • 登录
  • 详细信息显示
  • 放入我的书架
  • 预约/预借图书
  • 作者相关作品
  • 分类相关作品
  • 丛书相关作品
  • 出版社相关作品

书目信息

  • 表格格式
  • 工作单格式
  • 卡片格式
题名:
生态环境监察工作指南
    
 
作者: ;国家环境保护总局 编著
分册:  
出版信息: 北京   中国环境科学出版社  2004
页数: 290页
开本: 26cm
丛书名:
单 册:
中图分类: X171.1
科图分类:
主题词: 生态环境--监察--中国--干部教育
电子资源:
ISBN: 7-80163-807-7
000 00843nam0 2200229 45
001 002644938
005 20050331100201.6
010    @a7-80163-807-7@dCNY45.00
100    @a20040518d2004 em y0chiy0110 ea
101 0  @achi
102    @aCN@b110000
105    @ay z 000yy
200 1  @a生态环境监察工作指南@Asheng tai huan jing jian cha gong zuo zhi nan@e试用@f国家环境保护总局编著@FGuo Jia Huan Jing Bao Hu Zong Ju Bian Zhu
210    @a北京@c中国环境科学出版社@d2004
215    @a290页@d26cm
300    @a全国环境监察干部培训教材
330    @a本书对现有的、与生态环境监察内容相关原环境、资源法律、法规、规章及标准进行系统的分类、归纳和汇总,并提出近期工作重点等。
606 0  @a生态环境@x监察@y中国@x干部教育
690    @aX171.1@v4
711 02 @a国家环境保护总局@4编著
801  0 @aCN@bNLC@c20040615
905    @f5@b346811-815@dX171.1@e55
    
    生态环境监察工作指南:试用/国家环境保护总局编著.-北京:中国环境科学出版社,2004
    290页;26cm
    全国环境监察干部培训教材
    
    ISBN 7-80163-807-7:CNY45.00
    本书对现有的、与生态环境监察内容相关原环境、资源法律、法规、规章及标准进行系统的分类、归纳和汇总,并提出近期工作重点等。
●
相关链接 在E读中查询图书 在五车中查询图书 在当当中查询图书 在豆瓣中查询图书


正题名:生态环境监察工作指南     索取号:X171.1/55         预约/预借

序号 登录号 条形码 馆藏地/架位号 状态 备注
1 0346811   203468112   第二样本阅览室/ [索取号:X171.1/55] 在馆    
2 0346812   203468121   第三借阅区/ [索取号:X171.1/55] 在馆    
3 0346813   203468130   第三借阅区/ [索取号:X171.1/55] 在馆    
4 0346814   203468149   第三借阅区/ [索取号:X171.1/55] 在馆    
5 0346815   203468158   第三借阅区/ [索取号:X171.1/55] 在馆    
唐山师范学院图书馆 欢迎您!
大连网信软件有限公司© 版权所有